000 00510nam a2200181Ia 4500
001 21193
005 20260306172901.0
008 260306t2017||||xx |||||||||||||| ||spa||
041 _aESP
082 _a344.2
_bC25Q
100 _aCancho Espinal, Ciro J.,
_eAUT
245 0 _aEl quantum del dolor de la pena e imputación penal :
_belaboración científica y revisión jurisprudencial
260 _c2017
300 _a885 páginas :
_c25 cm.
650 _aGEN
654 _aCDE
942 _cLIB
_dJUS
_fJUS
_2ddc
_n
999 _c21193
_d21193